City park / (Record no. 1383)

MARC details
000 -LEADER
fixed length control field 01020pam a2200325 a 4500
005 - DATE AND TIME OF LATEST TRANSACTION
control field 20230823090843.0
020 ## - INTERNATIONAL STANDARD BOOK NUMBER
International Standard Book Number 0516207415
020 ## - INTERNATIONAL STANDARD BOOK NUMBER
International Standard Book Number 0516203703 (pbk.)
040 ## - CATALOGING SOURCE
Original cataloging agency DLC
Transcribing agency DLC
Modifying agency DLC
050 00 - LIBRARY OF CONGRESS CALL NUMBER
Classification number QH541.5.C6
Item number D35 1997
082 00 - DEWEY DECIMAL CLASSIFICATION NUMBER
Classification number 577.5/6
Edition number 21
100 1# - MAIN ENTRY--PERSONAL NAME
Personal name Davis, Wendy
245 10 - TITLE STATEMENT
Title City park /
Statement of responsibility, etc. by Wendy Davis.
260 ## - PUBLICATION, DISTRIBUTION, ETC.
Place of publication, distribution, etc. New York :
Name of publisher, distributor, etc. Children's Press,
Date of publication, distribution, etc. 1997.
300 ## - PHYSICAL DESCRIPTION
Extent 31 pages :
Other physical details color illustrations ;
Dimensions 24 x 26 cm.
490 1# - SERIES STATEMENT
Series statement Habitats
505 ## - FORMATTED CONTENTS NOTE
Formatted contents note O
520 ## - SUMMARY, ETC.
Summary, etc. A city park is shown to be home to many different forms of animal life, from insects to birds and mammals.
521 ## - TARGET AUDIENCE NOTE
Target audience note 840 <br/>
Source Lexile
521 ## - TARGET AUDIENCE NOTE
Target audience note O <br/>
Source Raz-Plus
650 #0 - SUBJECT ADDED ENTRY--TOPICAL TERM
Topical term or geographic name entry element Urban ecology (Biology)
General subdivision Juvenile literature.
650 #0 - SUBJECT ADDED ENTRY--TOPICAL TERM
Topical term or geographic name entry element Urban animals
General subdivision Juvenile literature.
650 #1 - SUBJECT ADDED ENTRY--TOPICAL TERM
Topical term or geographic name entry element Urban animals.
650 #1 - SUBJECT ADDED ENTRY--TOPICAL TERM
Topical term or geographic name entry element Urban ecology (Biology)
650 #1 - SUBJECT ADDED ENTRY--TOPICAL TERM
Topical term or geographic name entry element Ecology.
906 ## - LOCAL DATA ELEMENT F, LDF (RLIN)
a 7
b cbc
c orignew
d 1
e ocip
f 19
g y-gencatlg
942 ## - ADDED ENTRY ELEMENTS (KOHA)
Source of classification or shelving scheme Dewey Decimal Classification
Koha item type Books
Suppress in OPAC No
999 ## -
-- 1383
-- 1383
Holdings
Withdrawn status Lost status Source of classification or shelving scheme Damaged status Not for loan Collection Home library Current library Shelving location Date acquired Total Checkouts Full call number Barcode Date last seen Date last checked out Price effective from Koha item type
    Dewey Decimal Classification     Non-Fiction Footprints International School Library Network Toul Kork Campus Footprints International School Library Network Toul Kork Campus   08/23/2023 2 DAV 577.5 QH541.C6 FISTK02872 06/07/2024 01/08/2024 08/23/2023 Books